| 000 | 00857nam a2200217Ii 4500 | ||
|---|---|---|---|
| 003 | JO-AjNU | ||
| 008 | 230605s9999||||xx |||||||||||||| ||und|| | ||
| 020 | _a978-1-56564-611-7 | ||
| 040 |
_aJO-AjNU _bara _erda _cJO-AjNU |
||
| 041 | _aara | ||
| 050 | 1 | 4 | _aBP442.H375 2014 |
| 100 | 3 |
_aهاشم، مازن موفق, _eauthor _952309 |
|
| 245 | 0 | 0 | _aمقاصد الشريعة الإسلامية مدخل عمراني |
| 250 | _aط1 | ||
| 264 | 3 | 1 | _aفيرجينيا: المعهد العالمي للفكر الاسلامي، 2014 |
| 300 |
_a376ص _bقائمة المراجع ص 367-371 ؛ كشاف الاعلام والمصطلحات ص 372-376 |
||
| 336 |
_atext _btxt _2rdacontent |
||
| 337 |
_aunmediated _bn _2rdamedia |
||
| 338 |
_avolume _bnc _2rdacarrier |
||
| 650 | 4 |
_aالمقاصد الاسلامية- اصول الفقه الاسلامي _952310 |
|
| 999 |
_aA23164 _c26732 _d26732 |
||